Literatura y política : tentativa crítica sobre Viñas /
Guardado en:
| Autor Principal: | |
|---|---|
| Otros Autores: | |
| Formato: | Libro |
| Publicado: |
Bahía Blanca :
Departamento de Humanidades : Universidad Nacional del Sur,
2008
|
| Materias: | |
| Etiquetas: |
Agregar Etiqueta
Sin Etiquetas, Sea el primero en etiquetar este registro!
|
| LEADER | 00712nam a22002055a 4500 | ||
|---|---|---|---|
| 001 | EHU.bham030210 | ||
| 008 | 130507s2008##################000#0#####d | ||
| 005 | 20251022113437.0 | ||
| 245 | 1 | 0 | |a Literatura y política : |b tentativa crítica sobre Viñas / |c Maximiliano Crespi. |
| 260 | |a Bahía Blanca : |b Departamento de Humanidades : |b Universidad Nacional del Sur, |c 2008 | ||
| 300 | |a 88 p. | ||
| 100 | 1 | |a Crespi, Maximiliano | |
| 700 | 1 | |a Vazquez, María Celia, dir. | |
| 082 | A | 8 | |a 864.407 |
| 600 | 1 | 4 | |a Viñas, David |
| 653 | |a Ensayo argentino-estudios | ||
| 653 | |a Crítica literaria | ||
| 653 | |a Literatura y política | ||
| 653 | |a Tesina | ||
| 859 | |a AR-BHAM |b BIB. HUMANIDADES - General |h A864.407 |i C864 |k A |p 143.08 |t Ej.1 | ||
